Statistiche per Acquisti più costosi - Chelsea

Clicka qui per fare il quiz!

Statistiche generali

  • Questo quiz è stato fatto 35 volte
  • Il punteggio medio è 15 su 20

Statistiche sulle risposte

Costo (M €)DaNazioneAnnoCalciatore% Corretto
113InterBelgio2021Romelu Lukaku
100%
57NapoliBrasile/Italia2018Jorginho
97%
45Real MadridCroazia2019Mateo Kovačić
97%
80Bayer LeverkusenGermania2020Kai Havertz
94%
64Borussia DortmundStati Uniti2019Christian Pulisic
91%
43,88MilanUcraina2006Andrij Ševčenko
89%
121BenficaArgentina2023Enzo Fernández
89%
56,20Manchester CityInghilterra2022Raheem Sterling
89%
40AjaxMarocco2020Hakim Ziyech
86%
70Shakhtar DonetskUcraina2023Mykhaylo Mudryk
86%
53Red Bull LipsiaGermania2020Timo Werner
83%
80,40Leicester CityFrancia2022Wesley Fofana
77%
38,50Olympique MarsigliaCosta d'Avorio2004Didier Drogba
74%
80Athletic BilbaoSpagna2018Kepa Arrizabalaga
71%
65,30BrightonSpagna2022Marc Cucurella
71%
58,50LiverpoolSpagna2011Fernando Torres
69%
66Real MadridSpagna2017Álvaro Morata
49%
50,20Leicester CityInghilterra2020Ben Chilwell
46%
40MonacoFrancia2017Tiemoué Bakayoko
23%
39Olympique MarsigliaBelgio2016Michy Batshuayi
20%

Distribuzione punteggi

Percentile per numero di risposta

Percentuale di utenti per punteggio

I tuoi punteggi nel tempo

Non hai fatto questo quiz